[Event "Asian Nation Cup Open 2018"]
[Site "Hamedan"]
[Date "2018.07.29"]
[Round "2"]
[White "Makhnev, Denis"]
[Black "Firouzja, Alireza"]
[Result "0-1"]
[WhiteElo "2437"]
[BlackElo "2561"]
[Annotator "TA"]
[PlyCount "62"]
[EventDate "2018.07.27"]
[EventType "swiss"]
[EventCountry "IRI"]
[SourceTitle "playchess.com"]
[Source "ChessBase"]
[SourceQuality "1"]
[WhiteTeam "Kazakhstan"]
[BlackTeam "Iran"]
[WhiteTeamCountry "KAZ"]
[BlackTeamCountry "IRI"]

{[%evp 10,62,21,0,0,0,5,-42,-40,-41,-16,-14,-33,-50,-21,-43,-50,-55,-59,-57,-30,-30,-24,-60,-37,-37,-37,-64,-39,-68,-80,-108,-106,-112,-106,-111,-107,-119,-114,-138,-140,-220,-231,-219,-223,-211,-213,-221,-223,-219,-175,-187,-175,-494,-482]} 1. d4 Nf6 2. Bf4 g6 3. Nc3 d5 4. Nf3 c6 5. e3 Bg7 6. h4 {LiveBook: 9 Partien. D00: Damenbauernspiele} (6. h3 O-O 7. Be2 Bf5 8. O-O Nbd7 9. Qc1 Re8 10. Bh2 Ne4 11. Nxe4 Bxe4 12. Ng5 Bf5 13. g4 e5 14. Nxf7 Kxf7 15. gxf5 exd4 {1-0 (45) Aronian,L (2793)-Giri,A (2771) Stavanger 2017}) 6... Qb6 7. a3 $146 ({Vorgänger:} 7. Rb1 Bg4 8. Be2 Nbd7 9. Ne5 Bxe2 10. Qxe2 Nxe5 11. Bxe5 {1-0 (75) Docx,S (2427)-Hunt,A (2424) Gent 2017}) 7... Bg4 8. Bd3 {Die Stellung ist ausgeglichen.} Nbd7 9. Qd2 Bxf3 10. gxf3 Nh5 11. Bh2 e5 12. dxe5 Nxe5 13. Bxe5 Bxe5 14. O-O-O O-O 15. f4 Bg7 16. f5 d4 17. exd4 Qxd4 18. Kb1 Rad8 19. Rde1 Rfe8 20. Rxe8+ Rxe8 21. Re1 Rxe1+ 22. Qxe1 Bf6 23. fxg6 hxg6 24. Qe8+ Kg7 25. Qc8 (25. Qe1 $17 {war nötig.}) 25... Nf4 $19 ({Schlechter ist} 25... Bxh4 26. Qxb7 Nf4 27. Ne2 $15) ({Nicht} 25... Qxh4 26. Ne4 $11) 26. Qxb7 Nxd3 27. cxd3 Qxd3+ 28. Ka2 Qc4+ ({Keinesfalls} 28... Bxh4 29. Qxa7 Qc4+ 30. Kb1 $17) 29. Qb3 Qxh4 30. f3 Qd4 31. Ka1 $2 {[#]} (31. Nd1) 31... Qe3 {Precision: Weiß = 29%, Schwarz = 73%.} 0-1

[Event "Asian Nation Cup Open 2018"]
[Site "Hamedan"]
[Date "2018.07.29"]
[Round "2"]
[White "Monawary, Parwiz"]
[Black "Abdisalimov, Abdimalik"]
[Result "0-1"]
[WhiteElo "1903"]
[BlackElo "2331"]
[Annotator "NA"]
[PlyCount "90"]
[EventDate "2018.07.27"]
[EventType "swiss"]
[EventCountry "IRI"]
[SourceTitle "playchess.com"]
[Source "ChessBase"]
[SourceQuality "1"]
[WhiteTeam "Afghanistan"]
[BlackTeam "Uzbekistan"]
[WhiteTeamCountry "AFG"]
[BlackTeamCountry "UZB"]
[TimeControl "40/5400+30:1800+30"]

1. e4 {[%emt 0:00:00]} c5 2. c3 {[%emt 0:00:00]} Nf6 {[%emt 0:03:40]} 3. e5 {[%emt 0:00:00]} Nd5 {[%emt 0:00:14]} 4. Nf3 {[%emt 0:00:00]} Nc6 {[%emt 0:00:22]} 5. Bc4 {[%emt 0:00:44]} Nb6 {[%emt 0:01:12]} 6. Bb3 {[%emt 0:01:10]} d5 {[%emt 0:01:15]} 7. d4 {[%emt 0:02:47]} cxd4 {[%emt 0:00:56]} 8. cxd4 {[%emt 0:00:16]} Bg4 {[%emt 0:00:04]} 9. Be3 {[%emt 0:01:39]} e6 {[%emt 0:00:06]} 10. Nbd2 {[%emt 0:01:55]} Bb4 {[%emt 0:01:17]} 11. O-O {[%emt 0:13:16]} Bxd2 {[%emt 0:01:20]} 12. Qxd2 {[%emt 0:00:24]} Bxf3 {[%emt 0:00:40]} 13. gxf3 {[%emt 0:00:22]} O-O {[%emt 0:03:25]} 14. Kh1 {[%emt 0:05:56]} f6 {[%emt 0:02:09]} 15. f4 {[%emt 0:04:23]} fxe5 {[%emt 0:01:40]} 16. fxe5 {[%emt 0:01:41]} Qh4 {[%emt 0:00:22]} 17. f4 {[%emt 0:03:15]} Ne7 {[%emt 0:01:59]} 18. Rf2 {[%emt 0:10:05]} Nc4 {[%emt 0:00:58]} 19. Bxc4 {[%emt 0:09:56]} dxc4 {[%emt 0:00:19]} 20. Rg1 {[%emt 0:01:24]} Qh3 {[%emt 0:01:49]} 21. Qe2 {[%emt 0:04:11]} Nd5 {[%emt 0:08:51]} 22. Rf3 {[%emt 0:02:51]} Qf5 {[%emt 0:01:04]} 23. Bc1 {[%emt 0:02:11]} Rac8 {[%emt 0:00:54]} 24. Qg2 {[%emt 0:08:32]} g6 {[%emt 0:07:11]} 25. h4 {[%emt 0:07:21]} c3 {[%emt 0:03:32]} 26. b3 {[%emt 0:02:19]} c2 {[%emt 0:00:10]} 27. Kh2 {[%emt 0:04:05]} Rc3 {[%emt 0:00:58]} 28. Rxc3 {[%emt 0:00:27]} Nxc3 {[%emt 0:00:02]} 29. Qh3 {[%emt 0:02:20]} Ne2 {[%emt 0:03:40]} 30. Qxf5 {[%emt 0:00:26]} Rxf5 {[%emt 0:00:22]} 31. Rf1 {[%emt 0:00:15]} Rf8 {[%emt 0:00:48]} 32. Kg2 {[%emt 0:01:32]} Rd8 {[%emt 0:00:47]} 33. Be3 {[%emt 0:01:08]} Rc8 {[%emt 0:01:13]} 34. Bc1 {[%emt 0:00:02]} Nxd4 {[%emt 0:00:08]} 35. Kf2 {[%emt 0:01:26]} Nf5 {[%emt 0:00:18]} 36. h5 {[%emt 0:00:35]} gxh5 {[%emt 0:00:41]} 37. Rh1 {[%emt 0:00:35]} Rd8 {[%emt 0:00:14]} 38. Rxh5 {[%emt 0:00:25]} Rd1 {[%emt 0:00:12]} 39. Rg5+ {[%emt 0:00:11]} Kf7 {[%emt 0:00:25]} 40. Rg1 {[%emt 0:00:01]} h5 {[%emt 0:30:16]} 41. Ba3 {[%emt 0:31:34]} h4 {[%emt 0:00:14]} 42. Kg2 {[%emt 0:02:53]} Nd4 {[%emt 0:00:27]} 43. Rh1 {[%emt 0:00:46]} Rxh1 {[%emt 0:00:10]} 44. Kxh1 {[%emt 0:00:04]} Ne2 {[%emt 0:00:06]} 45. Kg2 {[%emt 0:00:26]} Nxf4+ {[%emt 0:00:02]} 0-1

[Event "Asian Nation Cup Open 2018"]
[Site "Hamedan"]
[Date "2018.07.29"]
[Round "2"]
[White "Moinzai, Khushal"]
[Black "Yakubboev, Nodirbek"]
[Result "0-1"]
[WhiteElo "1835"]
[BlackElo "2512"]
[Annotator "TA"]
[PlyCount "90"]
[EventDate "2018.07.27"]
[EventType "swiss"]
[EventCountry "IRI"]
[SourceTitle "playchess.com"]
[Source "ChessBase"]
[SourceQuality "1"]
[WhiteTeam "Afghanistan"]
[BlackTeam "Uzbekistan"]
[WhiteTeamCountry "AFG"]
[BlackTeamCountry "UZB"]

{[%evp 15,90,56,52,-7,-17,-22,-20,-19,-15,-33,-21,-82,-70,-62,-53,-73,-12,-115,-104,-112,-65,-90,-56,-43,-48,-58,-74,-84,-58,-147,-127,-141,-175,-175,-179,-191,-164,-191,-164,-169,-158,-226,-241,-315,-304,-287,-285,-304,-283,-304,-291,-274,-291,-442,-407,-464,-382,-370,-369,-546,-398,-860,-855,-955,-937,-939,-906,-1342,-1316,-5010,-5010,-5286,-1188,-29986,-29987,-29987,-29987]} 1. c4 e5 2. Nc3 Nc6 3. g3 Bc5 4. Bg2 a6 5. e3 d6 6. Nge2 {A25: English Opening vs King's Indian with ...Nc6 but without early d3} (6. Nf3 Nf6 7. O-O O-O 8. h3 Ba7 9. d4 h6 10. dxe5 dxe5 11. Qxd8 Rxd8 12. b3 Be6 13. Ba3 Rd7 14. Rfd1 Rad8 15. Rxd7 Rxd7 {½-½ (41) Howell,D (2676)-Ponomariov,R (2694) Riadh 2017}) 6... Nge7 7. O-O h5 8. d4 Ba7 {LiveBook: 3 Games} 9. a3 (9. h3 $14) 9... h4 $11 10. b4 hxg3 11. fxg3 Bg4 $146 ({Predecessor:} 11... exd4 12. exd4 Bh3 13. c5 Bxg2 14. Kxg2 {0-1 (22) Omar,A (2059)-Al Huwar,J (2260) Al Ain 2008}) 12. Qd2 Qd7 13. b5 (13. Rf2 $11) 13... axb5 $17 14. Nxb5 Bb6 15. Rb1 d5 (15... Na5 $17 16. Qd3 Bh5) 16. c5 (16. dxe5 $11 {keeps the balance.} Nxe5 17. cxd5) 16... Ba5 $36 {[%mdl 2048] Black is in control.} 17. Nec3 Bh3 (17... e4 {looks sharper.} 18. Qe1 f6 19. Bd2 Kf7 20. Rf2 Rh5) 18. Bb2 O-O 19. Bxh3 Qxh3 20. Qg2 Qd7 21. Ba1 b6 22. Rfd1 ({White should play} 22. Na4 $1 $15) 22... bxc5 23. dxc5 {[%cal Rc3d5]} Rfd8 24. Rd3 Bxc3 25. Rxc3 Ra4 26. Qc2 Rda8 27. Qd1 f6 28. Rd3 (28. Rcc1 $17) 28... Rc4 $19 29. Rc1 Rxc1 30. Qxc1 Nd8 {[%cal Bc6d8,Bd8e6,Be6g5,Bg5h3,Bh3f2][%mdl 32]} 31. Nc3 c6 32. Ne4 Qf5 33. Nf2 Ne6 34. Bb2 (34. g4 {might work better.} Qf3 35. Qd1 Qxd1+ 36. Nxd1) 34... Ng5 35. Qf1 Ra5 ({Much less strong is} 35... Nf3+ 36. Kh1 $19) 36. g4 Qc8 37. Qc1 (37. Kh1 {is a better defense.}) 37... Ng6 38. h3 $2 {[#]} (38. Kh1) 38... Nxh3+ $1 {[%mdl 512]} 39. Kf1 (39. Nxh3 Qxg4+) 39... Nxf2 40. Kxf2 Qxg4 41. Rb3 Nh4 {Threatens to win with ...Rxc5!} 42. Qh1 Rxc5 {[#] ( -> ...Rc2+)} 43. Bc3 Qf5+ 44. Kg3 Qg6+ 45. Kh3 Rc4 {Precision: White = 12%, Black = 56%.} 0-1

[Event "Asian Nation Cup Open 2018"]
[Site "Hamedan"]
[Date "2018.07.30"]
[Round "3"]
[White "Sethuraman, S P"]
[Black "Ismagambetov, Anuar"]
[Result "1/2-1/2"]
[WhiteElo "2657"]
[BlackElo "2529"]
[Annotator "TA"]
[PlyCount "98"]
[EventDate "2018.07.27"]
[EventType "swiss"]
[EventCountry "IRI"]
[SourceTitle "playchess.com"]
[Source "ChessBase"]
[SourceQuality "1"]
[WhiteTeam "India"]
[BlackTeam "Kazakhstan"]
[WhiteTeamCountry "IND"]
[BlackTeamCountry "KAZ"]

{[%evp 20,98,28,22,25,13,28,-17,38,-14,-8,-48,-60,-58,-44,-58,-52,-66,-77,-67,0,0,0,0,0,0,0,0,23,18,75,63,79,69,68,55,63,63,63,63,63,63,63,63,64,39,28,27,29,39,29,33,39,28,48,48,46,46,50,35,37,24,24,18,59,56,94,94,94,94,94,55,55,27,27,27,27,27,27,0,0]} 1. e4 c5 2. Nf3 Nc6 3. Bb5 g6 4. Bxc6 bxc6 5. O-O Bg7 6. Re1 Rb8 {B31: Sicilian: 2...Nc6 3 Bb5 g6} (6... Nh6 7. c3 O-O 8. h3 f5 9. e5 Nf7 10. d3 a5 11. Bf4 e6 12. Qd2 h6 13. h4 Re8 14. c4 d6 15. Nc3 Ra7 {1-0 (35) Anand,V (2776)-Dubov,D (2701) Moscow 2018}) 7. c3 Nf6 8. e5 Nd5 9. d4 cxd4 10. c4 Nc7 11. Qxd4 {LiveBook: 5 Games} O-O $146 ({Predecessor:} 11... Rb7 12. Nc3 O-O 13. Qh4 Ne6 14. b3 {0-1 (45) Naboka,S (2351)-Gasanov,E (2482) Omelnyk 2017}) 12. Qxa7 Bb7 13. Nbd2 Ne6 (13... d6 $11) 14. Qe3 (14. c5 $14) 14... d6 $11 15. b3 dxe5 $1 {[#] ...e4! is the strong threat.} 16. Bb2 f6 17. Ne4 Qa5 18. b4 Qxb4 19. Ba3 Qa4 ({But not} 19... Qxc4 $6 20. Bxe7 c5 21. Bxf8 $16) (19... Qa5 $1 $15) 20. Bxe7 Rf7 21. Nxf6+ Bxf6 22. Bxf6 Rxf6 23. Nxe5 {[#] Strongly threatening Ng4.} Rbf8 24. Nd7 $36 {[%mdl 2048] aiming for Rab1. White has some pressure.} c5 (24... Qxc4 $11 {keeps the balance.} 25. Rab1 Ba6) 25. Nxf8 $16 Qc6 {[%csl Gb7][%cal Rc6g2]} 26. f3 {[%cal Rf8e6]} Nxf8 27. Rab1 Ba6 28. Qc3 Rf7 29. Rb8 Qa4 30. a3 Qxc4 31. Qxc4 Bxc4 32. Rc8 Bb3 33. Rxc5 Ra7 $1 34. Rc3 Be6 35. Re4 Kf7 36. h4 Nd7 37. a4 Bd5 38. Rb4 Ke6 39. Rc8 Kd6 40. Kh2 Bc6 41. Rf4 Ne5 42. Rf6+ $1 Ke7 43. Rfxc6 Nxc6 44. Rxc6 {Black must now prevent a5!} Rxa4 {KR-KR} 45. Rc7+ Kf8 $1 46. g4 h5 $1 47. Kg3 hxg4 48. fxg4 Kg8 49. h5 gxh5 {Precision: White = 58%, Black = 66%.} 1/2-1/2

[Event "Asian Nation Cup Open 2018"]
[Site "Hamedan"]
[Date "2018.07.30"]
[Round "3"]
[White "Ganguly, Surya Shekhar"]
[Black "Kostenko, Petr"]
[Result "1-0"]
[WhiteElo "2652"]
[BlackElo "2444"]
[Annotator "TA"]
[PlyCount "69"]
[EventDate "2018.07.27"]
[EventType "swiss"]
[EventCountry "IRI"]
[SourceTitle "playchess.com"]
[Source "ChessBase"]
[SourceQuality "1"]
[WhiteTeam "India"]
[BlackTeam "Kazakhstan"]
[WhiteTeamCountry "IND"]
[BlackTeamCountry "KAZ"]

{[%evp 15,69,36,77,89,93,80,79,89,91,95,89,108,102,94,94,29,132,130,131,143,157,175,261,254,236,250,225,198,591,297,354,318,339,337,279,170,168,-145,-62,-17,79,63,92,68,353,313,1131,1113,5297,5277,1337,1192,29996,29997,29998,29999]} 1. e4 Nc6 2. Nf3 d6 3. d4 Nf6 4. c3 e5 5. Bb5 Bd7 6. O-O a6 7. Ba4 Nxe4 8. Re1 f5 9. Nbd2 $146 {C79: Ruy Lopez: Steinitz-type lines with 3...a6 4 Ba4 Nf6 5 0-0 d6} ({Predecessor:} 9. dxe5 dxe5 10. Nbd2 Nxd2 11. Nxe5 Nxe5 12. Rxe5+ Be7 13. Bxd2 O-O 14. Bf4 Bxa4 15. Qxa4 Kh8 16. Rd1 Bd6 {1-0 (46) Pereira,R (2423)-Seitaj,I (2390) Khanty-Mansiysk 2010}) 9... Nxd2 10. Bxd2 {[%cal Rd4e5]} e4 11. Ng5 {[%cal Bf3g5,Bg5e6,Be6c7][%mdl 32] White is better.} Qf6 12. d5 Ne5 13. Ne6 $1 {[%cal Re6c7]} Bxa4 14. Qxa4+ Kf7 15. Bf4 ({White should try} 15. Nxc7 $16 Rb8 16. Ne6) 15... c6 (15... Nd3 $1 $11) 16. Qb3 $36 {[%mdl 2048] Black is under strong pressure.} cxd5 17. Nc7 $1 (17. Qxb7+ $6 Be7 $14) 17... Rb8 18. Rad1 $1 (18. Qxd5+ $6 Kg6 $14) (18. Nxd5 Qe6 $11) 18... g5 (18... h6 {was necessary.} 19. Nxa6 (19. Qxd5+ Kg6 $14) (19. Nxd5 Qe6 $14) 19... Ra8) 19. Rxd5 $18 ({Weaker is} 19. Nxd5 Qe6 $11) 19... Kg6 20. Bxe5 $1 dxe5 21. Rd7 g4 $2 (21... Bc5 22. Qc4 Bf8) 22. Red1 Kh6 23. Rf7 Qg6 24. Rdd7 {Hoping for Qd5.} e3 25. Qd5 f4 {Threatens to win with ...e2.} 26. Qd1 $2 {[#]} (26. fxe3 $18 Qb1+ 27. Kf2 Qxb2+ 28. Kf1 Qb1+ 29. Ke2 Qc2+ 30. Qd2) 26... exf2+ (26... Rd8 $1 $17 {[%mdl 512]} 27. Nd5 (27. Rxd8 Qxf7) 27... Bc5) 27. Kxf2 $15 {[#]} Bc5+ (27... Rd8 $1 $11 {[%mdl 512] keeps the balance.} 28. Rxd8 Qxf7) 28. Kf1 $16 {[%mdl 1024] aiming for Qe1. White has strong compensation.} g3 {[#]} 29. h4 $1 Rbg8 $2 {[%mdl 8192]} ({Black should play} 29... Rbf8 $14 30. Rg7 Qe4) 30. b4 $18 Bf8 $2 (30... Rd8) 31. Nd5 Rg7 32. Rxg7 Bxg7 33. Ne7 Qf7 34. Rd6+ Bf6 35. Nf5+ {Precision: White = 61%, Black = 23%.} 1-0

[Event "Asian Nation Cup Open 2018"]
[Site "Hamedan"]
[Date "2018.07.30"]
[Round "3"]
[White "Lu, Shanglei"]
[Black "Maghsoodloo, Parham"]
[Result "0-1"]
[WhiteElo "2629"]
[BlackElo "2636"]
[Annotator "TA"]
[PlyCount "68"]
[EventDate "2018.07.27"]
[EventType "swiss"]
[EventCountry "IRI"]
[SourceTitle "playchess.com"]
[Source "ChessBase"]
[SourceQuality "1"]
[WhiteTeam "China"]
[BlackTeam "Iran"]
[WhiteTeamCountry "CHN"]
[BlackTeamCountry "IRI"]

{[%evp 23,68,0,0,0,0,-2,-7,-29,-10,-14,-21,-18,-14,-17,-12,-12,-20,-15,-23,-18,-12,-48,-61,-122,-116,-210,-205,-304,-258,-300,-305,-288,-291,-290,-282,-297,-295,-278,-289,-399,-392,-466,-391,-997,-968,-1054,-1059]} 1. e4 {Sagar Shah} e5 2. Nf3 Nc6 3. Bb5 a6 4. Ba4 Nf6 5. O-O b5 6. Bb3 Bc5 7. c3 d6 8. d4 Bb6 9. h3 O-O 10. Be3 {C78: Spanische Partie (Archangelsk- und Möller-Variante)} exd4 11. cxd4 Nxe4 12. Bd5 Qe8 {LiveBook: 3 Partien. und nun wäre ...Sf6 stark für Schwarz.} 13. Qc2 Nb4 $1 {[%csl LRc2,LRd5][%cal Rb4c2]} 14. Qxe4 Qxe4 15. Bxe4 d5 {[#]} 16. Bd2 $146 ({Vorgänger:} 16. Bxh7+ Kxh7 17. Nc3 {1-0 (43) Harikrishna,P (2766)-Adhiban,B (2653) Wijk aan Zee 2017 CBM 177 [Sagar Shah]}) 16... dxe4 17. Bxb4 exf3 18. Bxf8 fxg2 19. Rd1 {Schwarz muss nun Lc5 beachten.} Kxf8 20. Nc3 Bxh3 {Weiss sollte ...Td8 verhindern.} 21. Nd5 Ba5 22. Rac1 Rd8 23. Nxc7 ({Lieber} 23. Rc5 $15) 23... Bg4 $36 {[%mdl 2048] Schwarz ist am Drücker.} 24. Rd3 (24. Nxa6 $17 Bxd1 25. Rxd1) 24... Rc8 $19 25. f3 (25. Rdc3 $142 Bxc3 26. Rxc3) 25... Bd7 ({Minderwertig wäre} 25... Bxc7 26. Rdc3 $15) 26. Rdc3 Bxc3 27. Rxc3 {[%mdl 4096] Endspiel KTL-KTS} b4 28. Rc5 {[#]} a5 $1 29. Kxg2 {[#]} (29. Rxa5 Rxc7) 29... h5 $1 {[%cal Bh7h5,Bh5h4,Bh4h3][%mdl 544]} 30. f4 (30. Rxh5 Rxc7) 30... h4 31. Kf3 f6 32. Ke4 Ke7 {Und ...h3 würde nun gewinnen.} 33. f5 $2 (33. Kf3 Kd8 34. Na6) 33... h3 34. Kf3 Rh8 {Precision: Weiß = 25%, Schwarz = 100%.} 0-1

[Event "Asian Nation Cup Open 2018"]
[Site "Hamedan"]
[Date "2018.07.30"]
[Round "3"]
[White "Zhou, Jianchao"]
[Black "Tabatabaei, M amin"]
[Result "1/2-1/2"]
[WhiteElo "2621"]
[BlackElo "2590"]
[Annotator "TA"]
[PlyCount "100"]
[EventDate "2018.07.27"]
[EventType "swiss"]
[EventCountry "IRI"]
[SourceTitle "playchess.com"]
[Source "ChessBase"]
[SourceQuality "1"]
[WhiteTeam "China"]
[BlackTeam "Iran"]
[WhiteTeamCountry "CHN"]
[BlackTeamCountry "IRI"]

{[%evp 19,100,8,10,5,89,89,91,89,89,86,92,63,66,65,93,87,134,145,142,77,78,70,88,65,125,11,11,9,144,105,151,146,137,114,114,120,105,105,105,105,105,105,114,114,114,114,114,114,121,121,121,121,121,121,121,121,121,121,121,121,121,17,17,0,121,121,121,121,121,121,121,121,121,81,121,121,121,101,101,101,101,101,101]} 1. d4 Nf6 2. c4 g6 3. Nc3 Bg7 4. e4 d6 5. h3 O-O 6. Be3 Nc6 {E71: Königsindisch (5.h3)} (6... e5 7. d5 Na6 8. g4 Nc5 9. f3 h5 10. Qd2 Nh7 11. O-O-O h4 12. Bd3 Nxd3+ 13. Qxd3 f5 14. Rh2 Kh8 15. Rg2 Bd7 16. exf5 gxf5 {½-½ (69) Caruana,F (2811)-Jones,G (2640) Wijk aan Zee 2018}) 7. Nge2 e5 8. d5 Nd4 9. Nxd4 exd4 10. Bxd4 Nxe4 $1 {LiveBook: 3 Partien} 11. Nxe4 {Schwarz muss nun Lxg7 beachten.} Re8 $146 (11... Qh4 $1 $11 12. Bxg7 Qxe4+ 13. Qe2 Qxe2+ 14. Bxe2 Kxg7) ({Vorgänger:} 11... Qh4 12. Bxg7 Qxe4+ 13. Qe2 Qxe2+ 14. Bxe2 Kxg7 15. Kd2 Bd7 {0-1 (52) Jacobs,R (2400)-Pantazi,A (2304) ICCF email 2013}) 12. f3 $1 $16 {Droht Lxg7 und aus.} f5 13. Bxg7 Kxg7 14. Qd4+ Kg8 15. Bd3 fxe4 16. Bxe4 Qh4+ 17. Qf2 $1 {[%cal Rf2h4]} Rxe4+ 18. fxe4 Qxe4+ 19. Kf1 ({Besser ist} 19. Qe2 Qh4+ 20. Kf1) 19... Qxc4+ 20. Kg1 Qxd5 21. Rc1 c6 (21... Be6 $14) 22. Qg3 ({Lieber} 22. Re1 $1 $16 {[%cal Re1e8] Weiss droht Te8+ und Matt.} Bf5 23. Re7) 22... Bf5 $11 23. Kh2 $40 {[%mdl 128] Weiss will The1 spielen. Schwarz muss sich nun genau verteidigen.} Qxa2 (23... Qe6 $1 $11 {bleibt in der Remisbreite.}) 24. Qxd6 Qxb2 25. Rce1 Rf8 26. Re7 Qf6 27. Qxf6 Rxf6 28. Rxb7 Rf7 {[#]} 29. Rxf7 $1 Kxf7 $16 {[%mdl 4096] Endspiel KT-KL} 30. g4 {[%cal Bg2g4,Bg4g5][%mdl 32]} Be4 31. Re1 Bd5 32. g5 a5 33. Ra1 h6 34. gxh6 Kg8 35. Rxa5 Kh7 36. Kg3 Kxh6 {[#]} 37. Kf4 $1 Be6 38. h4 Bd5 39. Ra8 Bg2 40. Ke5 (40. Rc8 $16) 40... Kh5 $1 $11 41. Kf4 (41. Rh8+ $11 Kg4 42. Kf6) 41... Kh6 $16 42. Ra1 {Weiß steht besser.} Kh5 43. Kg3 Bd5 44. Re1 Bb3 45. Re7 {[%cal Re7h7]} Kh6 46. Kf4 Bd5 47. Re5 Bb3 48. Rg5 Bd5 49. Ke5 Kg7 50. Rg3 {zielt auf h5 ab.} Kh6 {Precision: Weiß = 65%, Schwarz = 67%.} 1/2-1/2

[Event "Asian Nation Cup Open 2018"]
[Site "Hamedan"]
[Date "2018.07.30"]
[Round "3"]
[White "Jumabayev, Rinat"]
[Black "Adhiban, B."]
[Result "0-1"]
[WhiteElo "2594"]
[BlackElo "2671"]
[Annotator "TA"]
[PlyCount "130"]
[EventDate "2018.07.27"]
[EventType "swiss"]
[EventCountry "IRI"]
[SourceTitle "playchess.com"]
[Source "ChessBase"]
[SourceQuality "1"]
[WhiteTeam "Kazakhstan"]
[BlackTeam "India"]
[WhiteTeamCountry "KAZ"]
[BlackTeamCountry "IND"]

{[%evp 23,130,0,12,0,7,0,7,0,30,20,29,24,44,34,44,40,46,46,38,25,30,25,22,3,8,0,0,-13,2,0,0,-88,-78,-105,-96,-104,0,-56,-65,-43,0,0,0,0,0,-23,-35,-91,-104,-101,-86,-121,0,-198,-198,-185,-191,-182,-194,-186,-194,-478,-195,-193,-191,-194,-172,-183,-194,-194,-183,-193,-191,-187,-185,-185,-188,-183,-185,-224,-198,-262,-258,-250,-205,-193,-180,-12812,-12827,-752,-331,-12832,-12832,-12837,-12838,-12838,-12839,-12839,-12841,-12850,-29976,-12851,-29975,-12851,-29978,-29985,-29979,-12851,-29980]} 1. e4 c5 2. Nf3 e6 3. d4 cxd4 4. Nxd4 Nc6 5. Nb5 d6 6. c4 Nf6 7. N5c3 b6 8. Be2 Bb7 9. Bf4 a6 10. O-O Be7 11. Re1 O-O 12. Bf1 Rc8 13. Nd2 {B44: Sicilian: Taimanov: 5 Nb5} Nd7 (13... Re8 14. a3 Ne5 15. Rc1 Qc7 16. b4 Qb8 17. h3 Bd8 {0-1 (40) Thavandiran,S (2399)-Yilmaz,M (2619) Reykjavik 2018}) 14. Rc1 Nce5 15. Bg3 $146 {The position is equal.} ({Predecessor:} 15. b3 Nc5 16. Nf3 Nxf3+ 17. Qxf3 f5 18. Qg3 Nxe4 19. Nxe4 fxe4 {0-1 (46) Martin Perez,L (2034)-Milliet,S (2397) Linares 2013}) 15... Bh4 16. Bxh4 Qxh4 17. g3 Qe7 18. f4 Ng6 19. Nf3 Nf6 20. Qd2 Rfd8 21. Qe3 Qc7 22. h3 h5 {[%cal Bh7h5,Bh5h4][%mdl 32]} 23. b4 Ba8 24. a3 Qb8 25. Qf2 b5 26. cxb5 axb5 27. Nd2 (27. Nd4 $11) 27... h4 $17 28. g4 d5 {...dxe4 is the strong threat.} 29. e5 Ne4 (29... d4 $17 30. Nxb5 Rxc1 31. Rxc1 Nd5) 30. Ndxe4 (30. Ncxe4 $11 dxe4 31. Rxc8 Qxc8 32. Nxe4) 30... dxe4 $15 31. Qe3 $1 (31. Nxb5 e3 $19) 31... Bc6 32. Rcd1 Rxd1 33. Rxd1 Ne7 34. Qd4 Qa8 35. a4 ({Don't blunder} 35. Bxb5 $2 Bxb5 36. Nxb5 e3 $1 $19 {[%mdl 512]}) (35. Ra1 $1 $15) 35... bxa4 $17 36. b5 Bd5 {aiming for ...a3.} 37. Nxa4 {And now Nb6 would win.} Rc2 (37... Ng6 $1 $17 {[%cal Rg6f4]} 38. Ra1 (38. Nb6 $2 Qa3 $19) 38... Rc2) 38. Nc3 $2 (38. Ra1 $1 $11) 38... Qa3 $19 39. Nxe4 Qf3 40. Rd3 Qxe4 41. Qxe4 Bxe4 42. Rd8+ Kh7 {Strongly threatening ...Nd5.} 43. Rd4 Bg6 44. Rd7 Nc8 45. f5 exf5 46. gxf5 Bxf5 47. Rxf7 Be6 $1 {[%cal Re6f7]} 48. Rf4 Rc1 {Hoping for ...g5.} 49. Rxh4+ Kg6 50. Kf2 Kf5 51. Rh5+ {[#]} Kf4 $1 52. Bd3 (52. Rh7 {was necessary.}) 52... Rc3 53. Ke2 Rc5 54. Kf2 Rxe5 55. Rxe5 $2 (55. Rh4+ Kg5 56. Rb4) 55... Kxe5 56. Kg3 Nd6 57. b6 $2 {[#]} (57. Bf1) 57... Bc8 $1 {[%cal Rc8b7]} 58. Bf1 Ne4+ 59. Kh2 Nc3 60. Bg2 Nd5 61. Bxd5 Kxd5 62. Kg3 Ke5 (62... Ke4 $19 63. b7 Bxb7) 63. Kh4 Kf4 64. Kh5 Kf5 65. Kh4 Kg6 {Precision: White = 41%, Black = 82%.} (65... g6 $19 66. Kg3 Kg5) 0-1

[Event "Asian Nation Cup Open 2018"]
[Site "Hamedan"]
[Date "2018.07.30"]
[Round "3"]
[White "Idani, Pouya"]
[Black "Wen, Yang"]
[Result "1/2-1/2"]
[WhiteElo "2583"]
[BlackElo "2599"]
[Annotator "TA"]
[PlyCount "50"]
[EventDate "2018.07.27"]
[EventType "swiss"]
[EventCountry "IRI"]
[SourceTitle "playchess.com"]
[Source "ChessBase"]
[SourceQuality "1"]
[WhiteTeam "Iran"]
[BlackTeam "China"]
[WhiteTeamCountry "IRI"]
[BlackTeamCountry "CHN"]

{[%evp 19,50,24,24,10,20,21,18,23,22,29,41,22,22,13,11,14,58,42,56,47,54,33,25,13,13,22,24,0,34,-74,-86,-90,-97]} 1. e4 e5 2. Nf3 Nc6 3. Bb5 Nf6 4. d3 Bc5 5. c3 O-O 6. O-O {C65: Ruy Lopez: Berlin Defence (3...Nf6), unusual lines and 4 0-0 Bc5} Re8 7. Nbd2 a6 8. Bxc6 dxc6 9. Nc4 Nd7 (9... Bd6 10. Bg5 b5 11. Ne3 Qe7 12. Nh4 Qe6 13. Nhf5 Bf8 {½-½ (53) Caruana,F (2804)-Nakamura,H (2787) Saint Louis 2018}) 10. b4 Bd6 {LiveBook: 5 Games} 11. Be3 Nf8 12. Qc2 Ng6 13. a4 $146 {[%cal Ba2a4,Ba4a5][%mdl 32]} ({Predecessor:} 13. a3 Be6 14. Nxd6 cxd6 15. d4 Nh4 16. Nxh4 Qxh4 17. dxe5 dxe5 18. Bb6 Bc4 19. Rfd1 Re6 20. Be3 Rd8 {½-½ (20) Palac,M (2586)-Petkov,V (2493) Zagreb 2011}) 13... Bf8 14. Nfd2 Qf6 15. a5 Be6 16. f3 Rad8 17. g3 {[%cal Bg2g3,Bg3f4,Bf4f5][%mdl 32]} h5 18. f4 exf4 19. gxf4 Bh3 20. f5 Bxf1 21. Rxf1 Ne5 22. Nxe5 Qxe5 23. d4 Qb5 {[#] ...Qe2 is the strong threat.} 24. e5 (24. Kf2 $14 {keeps the upper hand.}) 24... Qe2 $17 25. Bf4 f6 {Precision: White = 63%, Black = 61%.} 1/2-1/2